000 00774cam a22002533a 4500
001 19281
003 PGUSA
005 20140828083417.0
008 060917s2006||||xxu|||||s|||||000 | eng d
040 _aPGUSA
_beng
042 _adc
050 4 _aBP
100 1 _aBahá'í International Community
245 1 0 _aOne Common Faith
_h[electronic resource] /
_cBahá'í International Community
260 _bProject Gutenberg,
_c2006
506 _aCopyrighted. Read the copyright notice inside this book for details.
516 _aElectronic text
653 _aReligions -- Relations
653 _aBahai Faith -- Relations
653 _aBahai Faith -- Doctrines
830 0 _aProject Gutenberg
_v19281
856 4 0 _uhttp://www.gutenberg.org/ebooks/19281
942 _cEB
999 _c248536
_d248536